000 00326nam a22001337a 4500
008 171016b xxu||||| |||| 00| 0 eng d
020 _a9780072987171
041 _aeng
080 _212TH
_a331.101.262
100 _a52
101 _aBNJ
245 _aORGANIZATIONS BEHAVIOR STRUCTURE PROCESSES
_cGIBSON,J.L
942 _2udc
_cBK
999 _c34233
_d34233